[Event "Varde Weekend-C"]
[Site "Varde"]
[Date "2016.05.01"]
[Round "4"]
[White "Ehlers, Kjeld"]
[Black "Callesen, John"]
[Result "0-1"]
[WhiteElo "1435"]
[BlackElo "1552"]
[PlyCount "114"]
[EventDate "2016.04.16"]
[EventType "swiss"]
[EventRounds "5"]
[EventCountry "DEN"]
[SourceTitle "EXT 2023"]
[Source "ChessBase"]
[SourceDate "2022.10.05"]
[SourceVersion "1"]
[SourceVersionDate "2022.10.05"]
[SourceQuality "1"]

1. d4 d5 2. c4 c6 3. Nc3 Nf6 4. Nf3 e6 5. cxd5 exd5 6. e3 Bd6 7. h3 0-0 8. Bd3 Re8 9. Qc2 Nbd7 10. 0-0 Nf8 11. Re1 Bd7 12. e4 dxe4 13. Nxe4 Nxe4 14. Bxe4 Qc7 15. Be3 Ng6 16. Re2 Bf4 17. Rae1 Bxe3 18. Rxe3 Rad8 19. Ne5 Nf8 20. Nxd7 Qxd7 21. Qe2 Ne6 22. Bf5 Qxd4 23. Rd3 Qf6 24. Rxd8 Qxd8 25. Qc2 Nf8 26. Rxe8 Qxe8 27. Qd2 Qe7 28. b3 c5 29. f3 b5 30. Be4 Qc7 31. Kf2 g6 32. Qe2 Qb6 33. Ke1 Ne6 34. Bd5 a5 35. Bxe6 Qxe6 36. Qxe6 fxe6 37. Ke2 Kf7 38. Ke3 Ke7 39. Ke4 Kd6 40. f4 a4 41. g4 h6 42. h4 h5 43. gxh5 gxh5 44. bxa4 bxa4 45. a3 Kc6 46. Ke5 c4 47. Kd4 Kb5 48. Ke4 Kc5 49. Ke3 Kd5 50. Kd2 Kd4 51. Kd1 Kc3 52. Kc1 Kb3 53. Kb1 Kxa3 54. Ka1 Kb3 55. Kb1 Kc3 56. Kc1 a3 57. Kb1 Kd2 0-1

[Event "Varde Weekend-C"]
[Site "Varde"]
[Date "2015.04.26"]
[Round "4"]
[White "Nissen, Niels Peter"]
[Black "Callesen, John"]
[Result "1-0"]
[WhiteElo "1594"]
[BlackElo "1572"]
[PlyCount "71"]
[EventDate "2015.04.24"]
[EventType "tourn"]
[EventRounds "5"]
[EventCountry "DEN"]
[SourceTitle "EXT 2023"]
[Source "ChessBase"]
[SourceDate "2022.10.05"]
[SourceVersion "1"]
[SourceVersionDate "2022.10.05"]
[SourceQuality "1"]

1. d4 g6 2. c4 Bg7 3. e4 d6 4. Nf3 Nf6 5. Nc3 0-0 6. Be2 c5 7. d5 Na6 8. 0-0 Nc7 9. Nd2 h5 10. h3 e5 11. a3 Bd7 12. b4 b6 13. Nf3 Nh7 14. Bd2 a5 15. bxc5 bxc5 16. Rb1 Rb8 17. Nb5 Nxb5 18. cxb5 f5 19. Bd3 fxe4 20. Bxe4 Bf5 21. Qe1 Qd7 22. a4 Nf6 23. Bxf5 Qxf5 24. Bxa5 Nxd5 25. Qd2 e4 26. Nh4 Qe6 27. Nxg6 Rf6 28. Qxd5 Rxg6 29. Qxh5 Rf8 30. b6 Kf7 31. b7 Rh8 32. Qxh8 Bxh8 33. b8Q Qxh3 34. Rb7+ Kf6 35. Qd8+ Ke5 36. Qe8+ 1-0